[Event "Narciso Yepes mem"]
[Site "Lorca ESP"]
[Date "2008.06.27"]
[Round "7.5"]
[White "Dronavalli, Harika"]
[Black "Spraggett, Kevin"]
[Result "0-1"]
[WhiteElo "2461"]
[BlackElo "2588"]
[PlyCount "96"]
[EventDate "2008.06.25"]
[EventType "swiss"]
[EventRounds "9"]
[EventCountry "ESP"]

1. d4 Nf6 2. Nf3 e6 3. Bg5 h6 4. Bh4 d6 5. e3 g5 6. Bg3 Nh5 7. c4 Bg7 8. Nc3 a6
9. Be2 Qe7 10. Nd2 Nxg3 11. hxg3 Nd7 12. Qc2 c5 13. dxc5 dxc5 14. Rd1 O-O 15.
g4 Ne5 16. Nde4 b6 17. Ng3 Bb7 18. O-O Rad8 19. Rxd8 Rxd8 20. Rd1 Rxd1+ 21.
Qxd1 Nd7 22. Bf3 Bc8 23. Nce4 Bxb2 24. Nd6 Qd8 25. Qa4 Nf6 26. Nxc8 Qxc8 27.
Qb3 Be5 28. Qxb6 Bxg3 29. fxg3 Kg7 30. Qd6 a5 31. a3 Ne8 32. Qe7 Nf6 33. Qd6
Qf8 34. Qc7 a4 35. Kh2 Kg6 36. Kg1 Kg7 37. Kh2 Ne8 38. Qc6 Qe7 39. Qxa4 e5 40.
Be4 Nf6 41. Bf5 e4 42. Qc6 Qe5 43. a4 h5 44. a5 h4 45. a6 Qxg3+ 46. Kh1 h3 47.
gxh3 Qxh3+ 48. Kg1 Qxe3+ 0-1

[Event "Narciso Yepes mem"]
[Site "Lorca ESP"]
[Date "2008.06.28"]
[Round "8.3"]
[White "Spraggett, Kevin"]
[Black "Larino Nieto, David"]
[Result "0-1"]
[WhiteElo "2591"]
[BlackElo "2422"]
[PlyCount "108"]
[EventDate "2008.06.25"]
[EventType "swiss"]
[EventRounds "9"]
[EventCountry "ESP"]

1. e4 e6 2. d4 d5 3. Nc3 Nf6 4. Bg5 Be7 5. e5 Nfd7 6. Bxe7 Qxe7 7. f4 a6 8. Nf3
c5 9. Qd2 Nc6 10. dxc5 Qxc5 11. O-O-O b5 12. Ne2 O-O 13. Ned4 Nxd4 14. Nxd4 b4
15. Kb1 a5 16. h4 a4 17. Rh3 Qb6 18. c3 bxc3 19. Rxc3 Nc5 20. Qe3 Rb8 21. Rc2
Ne4 22. Bb5 Qa5 23. Bd3 Qb6 24. Bxe4 dxe4 25. Qxe4 Bb7 26. Qe3 Rfd8 27. a3 Bd5
28. Rdd2 Qb7 29. Ka1 Be4 30. Rc4 Rdc8 31. Rxc8+ Rxc8 32. Ne2 Bxg2 33. Nc3 h6
34. Rd4 Bc6 35. Qd3 Qe7 36. f5 exf5 37. Qxf5 Rd8 38. Rc4 Bd7 39. Qf4 Be6 40.
Rd4 Rxd4 41. Qxd4 Qb7 42. Qxa4 Qh1+ 43. Qd1 Qxh4 44. a4 Qb4 45. Qd8+ Kh7 46.
Qd3+ g6 47. Qd6 Qc4 48. Kb1 h5 49. a5 Qf1+ 50. Kc2 h4 51. a6 Qf2+ 52. Kd3 h3
53. Qc6 h2 54. Ne2 Bf5+ 0-1

[Event "Narciso Yepes mem"]
[Site "Lorca ESP"]
[Date "2008.06.29"]
[Round "9.4"]
[White "Spraggett, Kevin"]
[Black "Epishin, Vladimir"]
[Result "1-0"]
[WhiteElo "2591"]
[BlackElo "2566"]
[PlyCount "93"]
[EventDate "2008.06.25"]
[EventType "swiss"]
[EventRounds "9"]
[EventCountry "ESP"]

1. e4 c6 2. d4 d5 3. Nc3 dxe4 4. Nxe4 Bf5 5. Ng3 Bg6 6. h4 h6 7. Nf3 Nd7 8. h5
Bh7 9. Bd3 Bxd3 10. Qxd3 Qc7 11. Bd2 O-O-O 12. O-O-O Ngf6 13. Qe2 e6 14. Ne5
Nb6 15. Ba5 Rd5 16. Bxb6 axb6 17. Kb1 Rd8 18. f4 b5 19. Qf3 Bd6 20. Rhe1 Rhe8
21. c3 Kb8 22. a3 Bf8 23. Rc1 Nd5 24. Ne4 f6 25. Ng6 f5 26. Nf2 Bd6 27. g3 c5
28. dxc5 Bxc5 29. Nd3 Nf6 30. c4 Ne4 31. Re2 Bd4 32. c5 Bf6 33. c6 Rd4 34. Nge5
Bxe5 35. Nxe5 Rc8 36. Qe3 Qd6 37. Nd7+ Kc7 38. Rec2 b6 39. Nxb6 Rb8 40. Nd7 Ra8
41. Nc5 Nxc5 42. Rxc5 b4 43. Qb3 Ra6 44. axb4 Rd3 45. Qc4 Rb6 46. Qa2 Qd8 47.
b5 1-0

[Event "Metz op"]
[Site "Metz St Symphorien FRA"]
[Date "2008.04.19"]
[Round "1"]
[White "Dreux, Vincent"]
[Black "Spraggett, Kevin"]
[Result "0-1"]
[WhiteElo "1940"]
[BlackElo "2591"]
[PlyCount "40"]
[EventDate "2008.04.19"]
[EventType "swiss"]
[EventRounds "9"]
[EventCountry "FRA"]
[Source "Mark Crowther"]
[SourceDate "2008.05.05"]

1. c4 e5 2. Nc3 Nc6 3. g3 f5 4. Bg2 Nf6 5. e3 g6 6. Nge2 Bg7 7. O-O O-O 8. d4
e4 9. f3 exf3 10. Bxf3 b6 11. Nf4 Bb7 12. b3 Qe8 13. Ncd5 Qd8 14. Bb2 Re8 15.
Qd3 a5 16. a3 Kh8 17. Rae1 d6 18. Re2 Qd7 19. Rfe1 Ng4 20. h3 Nge5 0-1

[Event "Metz op"]
[Site "Metz St Symphorien FRA"]
[Date "2008.04.20"]
[Round "2"]
[White "Spraggett, Kevin"]
[Black "Laurent, Bruno"]
[Result "1-0"]
[WhiteElo "2591"]
[BlackElo "2346"]
[PlyCount "69"]
[EventDate "2008.04.19"]
[EventType "swiss"]
[EventRounds "9"]
[EventCountry "FRA"]
[Source "Mark Crowther"]
[SourceDate "2008.05.05"]

1. Nf3 Nf6 2. g3 g6 3. b3 Bg7 4. Bb2 O-O 5. Bg2 d6 6. c4 e5 7. d3 Nc6 8. O-O h6
9. Nc3 Be6 10. e4 Qd7 11. Nd5 Bg4 12. Qd2 Kh7 13. Kh1 Nxd5 14. cxd5 Bxf3 15.
Bxf3 Nd4 16. Bg2 a5 17. f4 a4 18. b4 a3 19. Bxd4 exd4 20. h4 Rae8 21. Rac1 g5
22. fxg5 Re5 23. Rf5 Rxf5 24. exf5 Be5 25. Qe2 f6 26. Qh5 Qg7 27. Be4 Kh8 28.
gxf6 Bxf6 29. g4 Qh7 30. Kg2 Rg8 31. Kf3 Rf8 32. b5 Rf7 33. b6 cxb6 34. Rc8+
Kg7 35. g5 1-0

[Event "Metz op"]
[Site "Metz St Symphorien FRA"]
[Date "2008.04.21"]
[Round "3"]
[White "Arun Prasad, Subramanian"]
[Black "Spraggett, Kevin"]
[Result "1/2-1/2"]
[WhiteElo "2465"]
[BlackElo "2591"]
[PlyCount "73"]
[EventDate "2008.04.19"]
[EventType "swiss"]
[EventRounds "9"]
[EventCountry "FRA"]
[Source "Mark Crowther"]
[SourceDate "2008.05.05"]

1. d4 Nf6 2. c4 e6 3. Nc3 c5 4. d5 exd5 5. cxd5 d6 6. g3 g6 7. Bg2 Bg7 8. Nf3
O-O 9. O-O a6 10. a4 Nbd7 11. Bf4 Qe7 12. e4 Ng4 13. Bg5 f6 14. Bc1 Nde5 15.
Nxe5 Nxe5 16. f4 Nf7 17. Re1 Rb8 18. Be3 Re8 19. Qd2 Qd8 20. Rab1 Qa5 21. b4
cxb4 22. Ne2 Qxa4 23. Rxb4 Qd7 24. Bb6 f5 25. Nd4 Qe7 26. Rb3 Qf6 27. exf5 Bxf5
28. Ne6 Bxe6 29. dxe6 Rxe6 30. Rxe6 Qxe6 31. Bd5 Qf6 32. Ba7 Ra8 33. Bf2 Rb8
34. Ba7 Ra8 35. Bf2 Rb8 36. Ba7 Ra8 37. Bf2 1/2-1/2

[Event "Metz op"]
[Site "Metz St Symphorien FRA"]
[Date "2008.04.22"]
[Round "4"]
[White "Spraggett, Kevin"]
[Black "Karpatchev, Aleksandr"]
[Result "1-0"]
[WhiteElo "2591"]
[BlackElo "2462"]
[PlyCount "71"]
[EventDate "2008.04.19"]
[EventType "swiss"]
[EventRounds "9"]
[EventCountry "FRA"]
[Source "Mark Crowther"]
[SourceDate "2008.05.05"]

1. c4 e5 2. Nc3 Nf6 3. Nf3 Nc6 4. a3 d5 5. cxd5 Nxd5 6. d3 Be7 7. e3 O-O 8. Be2
Nb6 9. b4 a6 10. Bb2 f5 11. O-O Be6 12. Rb1 Bf6 13. Nd2 Qe7 14. Qc2 Rfd8 15.
Ba1 Rd6 16. Rfe1 Rad8 17. Nb3 Bc8 18. Bf1 Qf7 19. b5 axb5 20. Nxb5 Rd5 21. d4
Kh8 22. g3 exd4 23. N3xd4 Nxd4 24. exd4 R5d7 25. Na7 g6 26. Nxc8 Nxc8 27. Rxb7
Nd6 28. Ra7 Ne4 29. Bg2 Nd6 30. a4 f4 31. d5 Bxa1 32. Rxa1 Qf6 33. Rc1 Nf5 34.
Rxc7 f3 35. Rxd7 Rxd7 36. Qe4 1-0

[Event "Metz op"]
[Site "Metz St Symphorien FRA"]
[Date "2008.04.25"]
[Round "7"]
[White "Sundararajan, Kidambi"]
[Black "Spraggett, Kevin"]
[Result "0-1"]
[WhiteElo "2441"]
[BlackElo "2591"]
[PlyCount "86"]
[EventDate "2008.04.19"]
[EventType "swiss"]
[EventRounds "9"]
[EventCountry "FRA"]
[Source "Mark Crowther"]
[SourceDate "2008.05.05"]

1. d4 Nf6 2. c4 e6 3. Nc3 c5 4. d5 exd5 5. cxd5 d6 6. e4 g6 7. h3 Bg7 8. Nf3
O-O 9. Bd3 Nh5 10. Bg5 Bf6 11. Be3 a6 12. a4 Nd7 13. O-O Re8 14. Qd2 Ne5 15.
Be2 Nxf3+ 16. Bxf3 Ng7 17. Rfc1 Bd7 18. Rab1 b5 19. axb5 axb5 20. b4 c4 21. Ra1
h5 22. Rxa8 Qxa8 23. Bd4 Be5 24. Be2 Qa3 25. Rb1 f5 26. Bxe5 Rxe5 27. f4 Qa7+
28. Kh2 Re7 29. e5 dxe5 30. d6 Re6 31. Nxb5 Bxb5 32. Bxc4 Bxc4 33. d7 Re8 34.
d8=Q Rxd8 35. Qxd8+ Kh7 36. Rc1 Ne6 37. Qc8 Bd5 38. fxe5 Qd4 39. Qc3 Qf4+ 40.
Kg1 Nd4 41. Qc7+ Kh6 42. Rd1 Ne2+ 43. Kh1 Qf2 0-1

[Event "Metz op"]
[Site "Metz St Symphorien FRA"]
[Date "2008.04.27"]
[Round "9"]
[White "Epishin, Vladimir"]
[Black "Spraggett, Kevin"]
[Result "1/2-1/2"]
[WhiteElo "2566"]
[BlackElo "2591"]
[PlyCount "71"]
[EventDate "2008.04.19"]
[EventType "swiss"]
[EventRounds "9"]
[EventCountry "FRA"]
[Source "Mark Crowther"]
[SourceDate "2008.05.05"]

1. d4 Nf6 2. Nf3 e6 3. c4 c5 4. e3 a6 5. Be2 d5 6. cxd5 exd5 7. O-O Nc6 8. b3
Bd6 9. dxc5 Bxc5 10. Ba3 Bxa3 11. Nxa3 O-O 12. Nc2 Qe7 13. Ncd4 Bd7 14. Qd2 Ne4
15. Qb2 Rfe8 16. Rac1 Rac8 17. Nxc6 Rxc6 18. Rxc6 Bxc6 19. Nd4 Bd7 20. Bf3 Rc8
21. Rc1 Qb4 22. a3 Rxc1+ 23. Qxc1 Qd6 24. b4 Kf8 25. Bd1 Ke8 26. Bb3 b6 27. f3
Nf6 28. Qd2 Qe5 29. Bc2 Qc7 30. Bd3 a5 31. bxa5 bxa5 32. Nb3 Qb6 33. Nxa5 Qc5
34. Nb3 Qxa3 35. Nd4 h5 36. h4 1/2-1/2

[Event "FRA-Tch Nationale I 2007-08"]
[Site "FRA"]
[Date "2008.04.05"]
[Round "10"]
[White "Pham Minh Hoang"]
[Black "Spraggett, Kevin"]
[Result "1-0"]
[WhiteElo "2479"]
[BlackElo "2591"]
[PlyCount "81"]
[EventDate "2007.12.15"]
[EventType "team"]
[EventRounds "11"]
[EventCountry "FRA"]
[WhiteTeam "Sautron"]
[BlackTeam "Gif sur Yvette"]
[WhiteTeamCountry "FRA"]
[BlackTeamCountry "FRA"]

1. d4 f5 2. c4 Nf6 3. g3 g6 4. Bg2 Bg7 5. Nf3 O-O 6. O-O d6 7. Nc3 c6 8. d5 e5
9. dxe6 Bxe6 10. Qd3 Ng4 11. Ng5 Bc8 12. Qc2 Na6 13. a3 Qf6 14. Bd2 h6 15. Nh3
Be6 16. b3 Rad8 17. Nf4 Bf7 18. Rad1 Nc7 19. e4 a6 20. exf5 gxf5 21. Nce2 Ne5
22. Ba5 Rd7 23. Nd4 Ne6 24. Nfxe6 Bxe6 25. Rfe1 Re7 26. f4 Ng6 27. Bb4 Bc8 28.
Rxe7 Qxe7 29. Nf3 c5 30. Ba5 b5 31. Qd3 Bb7 32. h4 Be4 33. Qxd6 bxc4 34. bxc4
Bd4+ 35. Rxd4 cxd4 36. Qxg6+ Qg7 37. Qxg7+ Kxg7 38. Nxd4 Rc8 39. c5 Kf6 40.
Bxe4 fxe4 41. c6 1-0

[Event "Figueira da Foz op"]
[Site "Figueira da Foz POR"]
[Date "2007.11.03"]
[Round "8"]
[White "Velicka, Petr"]
[Black "Spraggett, Kevin"]
[Result "1/2-1/2"]
[WhiteElo "2519"]
[BlackElo "2578"]
[PlyCount "34"]
[EventDate "2007.10.28"]
[EventType "swiss"]
[EventRounds "9"]
[EventCountry "POR"]
[Source "ChessBase"]
[SourceDate "2007.11.25"]

1. e4 c5 2. Nf3 e6 3. d4 cxd4 4. Nxd4 Nf6 5. Nc3 d6 6. g4 h6 7. h4 Nc6 8. Rg1
h5 9. gxh5 Nxh5 10. Bg5 Nf6 11. Be2 Be7 12. h5 e5 13. Bxf6 gxf6 14. Nf5 Bxf5
15. exf5 Nd4 16. Qd3 Rc8 17. O-O-O d5 1/2-1/2

[Event "Figueira da Foz op"]
[Site "Figueira da Foz POR"]
[Date "2007.11.04"]
[Round "9"]
[White "Spraggett, Kevin"]
[Black "Romanishin, Oleg"]
[Result "1/2-1/2"]
[WhiteElo "2580"]
[BlackElo "2547"]
[PlyCount "60"]
[EventDate "2007.10.28"]
[EventType "swiss"]
[EventRounds "9"]
[EventCountry "POR"]
[Source "ChessBase"]
[SourceDate "2007.11.25"]

1. e4 e5 2. Nf3 Nc6 3. Bb5 a6 4. Ba4 Nf6 5. O-O Be7 6. Re1 b5 7. Bb3 d6 8. c3
O-O 9. h3 Na5 10. Bc2 c5 11. d4 Nd7 12. d5 c4 13. Nbd2 Nb7 14. Nf1 Nb6 15. Ng3
a5 16. Nf5 Bxf5 17. exf5 Nc5 18. g4 f6 19. Be3 Rc8 20. Qd2 Qd7 21. Kh2 Bd8 22.
Rg1 Qf7 23. Rad1 Nbd7 24. Qe2 e4 25. Nd2 Qxd5 26. Bxc5 Nxc5 27. Nxe4 Qe5+ 28.
Ng3 Qxe2 29. Nxe2 b4 30. cxb4 axb4 1/2-1/2

[Event "BEL-Tch 2007-08"]
[Site "BEL"]
[Date "2007.12.02"]
[Round "5"]
[White "Brunner, Nicolas"]
[Black "Spraggett, Kevin"]
[Result "0-1"]
[WhiteElo "2428"]
[BlackElo "2580"]
[PlyCount "74"]
[EventDate "2007.08.18"]
[EventType "team"]
[EventRounds "11"]
[EventCountry "BEL"]
[Source "Mark Crowther"]
[SourceDate "2008.02.18"]

1. d4 f5 2. g3 Nf6 3. Bg2 g6 4. c4 Bg7 5. Nc3 O-O 6. Nf3 d6 7. O-O Nc6 8. d5
Na5 9. Qd3 e5 10. dxe6 Bxe6 11. b3 Nc6 12. Bb2 Ng4 13. Rad1 h6 14. Qb1 Qf6 15.
Rd2 Qf7 16. Nd5 Kh7 17. Bxg7 Qxg7 18. Nf4 Bc8 19. Rc1 g5 20. Nd5 Be6 21. e3 Rf7
22. b4 Re8 23. c5 dxc5 24. Rxc5 a6 25. Nd4 Nxd4 26. Rxd4 Kg8 27. Qc2 c6 28. h3
Ne5 29. Nb6 f4 30. Qd1 fxe3 31. fxe3 Qf6 32. Rd2 Nf3+ 33. Bxf3 Qxf3 34. Qxf3
Rxf3 35. Kg2 Rxe3 36. Nd7 Kg7 37. g4 Rd8 0-1

[Event "Narciso Yepes mem"]
[Site "Lorca ESP"]
[Date "2007.??.??"]
[Round "?"]
[White "Baklan, Vladimir"]
[Black "Spraggett, Kevin"]
[Result "1/2-1/2"]
[WhiteElo "2618"]
[BlackElo "2611"]
[PlyCount "42"]
[EventDate "2007.06.25"]
[EventType "swiss"]
[EventRounds "9"]
[EventCountry "ESP"]

1. e4 c5 2. Nf3 d6 3. d4 Nf6 4. Nc3 cxd4 5. Nxd4 e6 6. g3 a6 7. Bg2 Be7 8. O-O
Qc7 9. Be3 Nc6 10. Nxc6 bxc6 11. Na4 Rb8 12. c4 c5 13. b3 O-O 14. Rc1 Bb7 15.
Nc3 Nd7 16. f4 Rbd8 17. g4 h6 18. Rc2 Bf6 19. Ne2 Bc6 20. Rd2 Be7 21. Ng3 a5
1/2-1/2

[Event "Narciso Yepes mem"]
[Site "Lorca ESP"]
[Date "2007.??.??"]
[Round "?"]
[White "Movsziszian, Karen"]
[Black "Spraggett, Kevin"]
[Result "1/2-1/2"]
[WhiteElo "2494"]
[BlackElo "2611"]
[PlyCount "65"]
[EventDate "2007.06.25"]
[EventType "swiss"]
[EventRounds "9"]
[EventCountry "ESP"]

1. e4 c5 2. d3 Nc6 3. g3 g6 4. Bg2 Bg7 5. f4 d6 6. Nf3 e5 7. Nc3 Nge7 8. O-O
exf4 9. Bxf4 O-O 10. Qd2 Bg4 11. h3 Be6 12. Bh6 Qd7 13. Kh2 f6 14. Bxg7 Kxg7
15. Rad1 Rad8 16. d4 Nxd4 17. Nxd4 cxd4 18. Qxd4 Nc6 19. Qe3 b6 20. Rd2 Ne5 21.
b3 Qc6 22. Ne2 Qc5 23. Nd4 Bd7 24. c4 a6 25. a4 h5 26. Qe2 Bc8 27. Rfd1 Rfe8
28. Nc2 Bb7 29. Rd4 Qc7 30. Qd2 Nf7 31. Qf4 Ne5 32. Qd2 Nf7 33. Qf4 1/2-1/2

[Event "Narciso Yepes mem"]
[Site "Lorca ESP"]
[Date "2007.??.??"]
[Round "?"]
[White "Perez, Rodney"]
[Black "Spraggett, Kevin"]
[Result "1/2-1/2"]
[WhiteElo "2421"]
[BlackElo "2611"]
[PlyCount "43"]
[EventDate "2007.06.25"]
[EventType "swiss"]
[EventRounds "9"]
[EventCountry "ESP"]

1. e4 c5 2. Nf3 d6 3. d4 cxd4 4. Nxd4 Nf6 5. Nc3 e6 6. Be3 a6 7. f3 h5 8. Qd2
Nbd7 9. O-O-O b5 10. Bd3 Bb7 11. Rhe1 Be7 12. Kb1 Rc8 13. Nce2 Ne5 14. Nf4 Qd7
15. h3 h4 16. Qf2 g6 17. Nb3 Bd8 18. Bf1 Qc7 19. Nd4 Qe7 20. Bc1 Bb6 21. Be3
Bd8 22. Bc1 1/2-1/2

[Event "Narciso Yepes mem"]
[Site "Lorca ESP"]
[Date "2007.??.??"]
[Round "?"]
[White "Spraggett, Kevin"]
[Black "Cabrera, Alexis"]
[Result "1-0"]
[WhiteElo "2611"]
[BlackElo "2514"]
[PlyCount "123"]
[EventDate "2007.06.25"]
[EventType "swiss"]
[EventRounds "9"]
[EventCountry "ESP"]

1. e4 e5 2. Nf3 Nc6 3. Bb5 a6 4. Ba4 Nf6 5. O-O b5 6. Bb3 Bc5 7. c3 d6 8. d4
Bb6 9. a4 Rb8 10. axb5 axb5 11. Qd3 O-O 12. Bg5 h6 13. Bh4 Qe8 14. Bxf6 gxf6
15. Nbd2 Kh7 16. Rfe1 Rg8 17. Nf1 Ne7 18. Ne3 Ng6 19. Nd5 Qd8 20. g3 Be6 21.
Bc2 Bh3 22. Qd2 c6 23. Nxb6 Qxb6 24. Kh1 Ra8 25. Ng1 Bg4 26. Bb3 Kg7 27. h3
Rxa1 28. Rxa1 Bc8 29. Kh2 Re8 30. Re1 b4 31. Bc2 bxc3 32. bxc3 c5 33. Nf3 Qa5
34. d5 Bd7 35. Rb1 Qa7 36. Ne1 Rb8 37. Rxb8 Qxb8 38. Ng2 Qb2 39. Ne3 Ne7 40.
Nc4 Qa2 41. Ne3 Qa1 42. h4 Qb2 43. Kg2 Qa1 44. Bd3 Nc8 45. Be2 Qb1 46. Bd3 Qa1
47. h5 Nb6 48. Kh2 Nc8 49. Bb5 Bxb5 50. Nf5+ Kf8 51. Qxh6+ Ke8 52. Qh8+ Kd7 53.
Qxf6 Qf1 54. Qxf7+ Kd8 55. Ne3 Qe2 56. h6 Be8 57. Qf6+ Ne7 58. Qxd6+ Bd7 59.
Qf6 Qh5+ 60. Kg1 Ke8 61. d6 Ng6 62. Nd5 1-0

[Event "Salou"]
[Site "Salou ESP"]
[Date "2007.05.03"]
[Round "1"]
[White "Vinals Rioja, Jaume"]
[Black "Spraggett, Kevin"]
[Result "0-1"]
[WhiteElo "2051"]
[BlackElo "2611"]
[PlyCount "102"]
[EventDate "2007.05.03"]
[EventType "swiss"]
[EventRounds "9"]
[EventCountry "ESP"]

1. e4 c5 2. c3 d5 3. exd5 Qxd5 4. d4 g6 5. Nf3 Bg7 6. Be2 cxd4 7. cxd4 Nh6 8.
Nc3 Qa5 9. Bb5+ Bd7 10. Bxd7+ Nxd7 11. O-O O-O 12. Bd2 Nf5 13. Ne2 Qb6 14. Bc3
Nf6 15. Nf4 Rfd8 16. Qe2 e6 17. Rfd1 Nd5 18. Nxd5 Rxd5 19. Qc4 Rad8 20. Rd2
Nxd4 21. Nxd4 Bxd4 22. Bxd4 Rxd4 23. Rxd4 Qxd4 24. Qxd4 Rxd4 25. Kf1 Rd2 26. b4
Rb2 27. a3 b6 28. Rc1 Rb3 29. Ra1 Kg7 30. Ra2 g5 31. Ke2 a5 32. bxa5 bxa5 33.
a4 Kg6 34. Rc2 Rb4 35. Ra2 h5 36. Ra3 f5 37. g3 h4 38. gxh4 Rxh4 39. h3 Kf6 40.
Kf1 Re4 41. Kg2 Rd4 42. Kg3 Ke5 43. Kg2 f4 44. Kf3 Kf5 45. Kg2 e5 46. Kf3 Rd2
47. Kg2 e4 48. Kf1 f3 49. Ke1 Re2+ 50. Kf1 Kf4 51. h4 gxh4 0-1

[Event "Salou"]
[Site "Salou ESP"]
[Date "2007.05.04"]
[Round "2"]
[White "Spraggett, Kevin"]
[Black "Doggers, Peter"]
[Result "1-0"]
[WhiteElo "2611"]
[BlackElo "2247"]
[PlyCount "87"]
[EventDate "2007.05.03"]
[EventType "swiss"]
[EventRounds "9"]
[EventCountry "ESP"]

1. e4 e5 2. Nf3 Nc6 3. Bb5 a6 4. Ba4 Nf6 5. O-O Be7 6. Re1 b5 7. Bb3 d6 8. c3
O-O 9. h3 Na5 10. Bc2 c5 11. d4 Qc7 12. Nbd2 cxd4 13. cxd4 Rd8 14. b3 Nc6 15.
Bb2 Bb7 16. a3 exd4 17. Nxd4 Nxd4 18. Bxd4 Rac8 19. Rc1 Qa5 20. b4 Qxa3 21. Rb1
Rxc2 22. Qxc2 Rc8 23. Qb2 Qxb2 24. Rxb2 d5 25. e5 Ne4 26. Nxe4 dxe4 27. Be3 Bd5
28. Rd1 Be6 29. Rbb1 Kf8 30. Rd4 Rc6 31. Rc1 Bc4 32. Bd2 e3 33. fxe3 Ke8 34. e4
Re6 35. Ra1 f6 36. Bc3 fxe5 37. Rdd1 g6 38. Ra3 Bd8 39. Rda1 Bb6+ 40. Kh2 Bd4
41. Bxd4 exd4 42. Rxa6 Rxe4 43. Ra7 Bd5 44. Rc1 1-0

[Event "Salou"]
[Site "Salou ESP"]
[Date "2007.05.06"]
[Round "4"]
[White "Spraggett, Kevin"]
[Black "Vehi Bach, Victor"]
[Result "1-0"]
[WhiteElo "2611"]
[BlackElo "2377"]
[PlyCount "77"]
[EventDate "2007.05.03"]
[EventType "swiss"]
[EventRounds "9"]
[EventCountry "ESP"]

1. e4 c5 2. Nf3 e6 3. d4 cxd4 4. Nxd4 Nc6 5. Nc3 Qc7 6. Be2 a6 7. O-O Nf6 8.
Be3 Bb4 9. Na4 Be7 10. Nxc6 bxc6 11. Nb6 Rb8 12. Nxc8 Qxc8 13. Bd4 c5 14. Be5
Rb6 15. Qd3 d6 16. Bc3 O-O 17. b3 d5 18. exd5 Nxd5 19. Be5 Rd8 20. Qg3 f6 21.
Bb2 Bd6 22. Qg4 Qc7 23. g3 Be5 24. Bxe5 Qxe5 25. Bc4 f5 26. Qf3 Rbd6 27. Rfe1
Qf6 28. Rad1 h6 29. Rd2 Kh7 30. Rde2 Nc7 31. Kg2 Nb5 32. Bxb5 axb5 33. Re5 Ra6
34. Rxc5 Rxa2 35. Qe2 Rd5 36. Qxb5 Rxc2 37. Rxd5 exd5 38. Qxd5 Rb2 39. Re8 1-0

[Event "Salou"]
[Site "Salou ESP"]
[Date "2007.05.07"]
[Round "5"]
[White "Khamrakulov, Ibragim"]
[Black "Spraggett, Kevin"]
[Result "1/2-1/2"]
[WhiteElo "2545"]
[BlackElo "2611"]
[PlyCount "34"]
[EventDate "2007.05.03"]
[EventType "swiss"]
[EventRounds "9"]
[EventCountry "ESP"]

1. e4 c5 2. Nf3 d6 3. c3 Nf6 4. Be2 Bd7 5. e5 dxe5 6. Nxe5 Nc6 7. Nxd7 Qxd7 8.
O-O e6 9. d3 Be7 10. Nd2 O-O 11. a4 Nd5 12. Nc4 b6 13. Bf3 Rfd8 14. Bd2 Rab8
15. Qc1 h6 16. Re1 Bf6 17. Qd1 a6 1/2-1/2

[Event "Salou"]
[Site "Salou ESP"]
[Date "2007.05.08"]
[Round "6"]
[White "Spraggett, Kevin"]
[Black "Fedorchuk, Sergey"]
[Result "1/2-1/2"]
[WhiteElo "2611"]
[BlackElo "2603"]
[PlyCount "106"]
[EventDate "2007.05.03"]
[EventType "swiss"]
[EventRounds "9"]
[EventCountry "ESP"]

1. e4 e5 2. Nf3 Nc6 3. Bb5 a6 4. Ba4 Nf6 5. O-O b5 6. Bb3 Bc5 7. a4 Rb8 8. c3
O-O 9. d4 Bb6 10. axb5 axb5 11. dxe5 Ng4 12. Bf4 Qe8 13. Na3 Ngxe5 14. Nxe5
Nxe5 15. Nxb5 d6 16. Nd4 Ng6 17. Bg3 Qxe4 18. Re1 Qb7 19. Bc2 Bd7 20. Be4 d5
21. Bf3 Rfe8 22. Qd2 Rbd8 23. b4 h6 24. h3 c6 25. Bh5 Qc8 26. Kh2 Rxe1 27. Rxe1
Re8 28. Re3 Rxe3 29. Qxe3 c5 30. bxc5 Qxc5 31. Bxg6 fxg6 32. Qd3 Kh7 33. Qf3
Qc8 34. Be5 Be6 35. Nxe6 Qxe6 36. Bd4 Bxd4 37. cxd4 g5 38. Qd3+ Kg8 39. Qe3
Qd6+ 40. g3 Kf7 41. Kg2 Kg6 42. Qe8+ Kf6 43. Kf3 Qe6 44. Qf8+ Kg6 45. g4 Qe4+
46. Kg3 Kh7 47. Qf3 Qxd4 48. Qf5+ Kg8 49. Qc8+ Kf7 50. Qd7+ Kf6 51. Qd6+ Kf7
52. Qd7+ Kg8 53. Qc8+ Kh7 1/2-1/2

[Event "Salou"]
[Site "Salou ESP"]
[Date "2007.05.09"]
[Round "7"]
[White "Cuartas, Jaime"]
[Black "Spraggett, Kevin"]
[Result "1/2-1/2"]
[WhiteElo "2494"]
[BlackElo "2611"]
[PlyCount "185"]
[EventDate "2007.05.03"]
[EventType "swiss"]
[EventRounds "9"]
[EventCountry "ESP"]

1. e4 c6 2. d4 d5 3. Nc3 dxe4 4. Nxe4 Nf6 5. Nxf6+ gxf6 6. Nf3 Bf5 7. g3 Qd5 8.
c3 Qe4+ 9. Qe2 Qxe2+ 10. Bxe2 Nd7 11. Nh4 Bg6 12. f4 Be4 13. O-O f5 14. Nf3 Nf6
15. Ng5 e6 16. Be3 h5 17. Nxe4 Nxe4 18. Bf3 Nf6 19. Rad1 Ng4 20. Bc1 O-O-O 21.
Rd3 Bd6 22. Kg2 Rdg8 23. c4 h4 24. Bxg4 Rxg4 25. Bd2 hxg3 26. hxg3 Rg6 27. Rh1
Rxh1 28. Kxh1 Rg8 29. Kg2 a6 30. Be3 Rd8 31. Kf3 b5 32. b3 Be7 33. Rd1 Bf6 34.
Ke2 Rh8 35. Bf2 Kd7 36. d5 cxd5 37. cxd5 e5 38. fxe5 Bxe5 39. Rc1 Kd6 40. a4
bxa4 41. bxa4 Rb8 42. Rc6+ Kxd5 43. Rc5+ Ke4 44. Rc4+ Kd5 45. Rc5+ Kd6 46. Ra5
Ra8 47. Kf3 f6 48. Be3 Ke6 49. Bf4 Bc3 50. Rc5 Bd4 51. Rc7 Kd5 52. Be3 Be5 53.
Rc5+ Ke6 54. Rc6+ Kd5 55. Rc5+ Kd6 56. Ra5 Ke6 57. Bf4 Bc3 58. Rc5 Bb4 59. Rc6+
Kf7 60. Be3 a5 61. Bd4 Be7 62. Rc7 Ke6 63. Bc3 Ra6 64. Rb7 Bd6 65. Rb5 Rc6 66.
Bxa5 Rc4 67. Bd2 Rxa4 68. Ra5 Rd4 69. Bf4 Be7 70. Rb5 Rd3+ 71. Ke2 Rc3 72. Kd2
Rc6 73. Ke2 Ra6 74. Kd2 Ra2+ 75. Ke3 Ba3 76. Rb6+ Kf7 77. Rb5 Kg6 78. Kf3 Bb2
79. Rd5 Ra3+ 80. Ke2 Ba1 81. Kf2 Ra2+ 82. Kf3 Bc3 83. Rd3 Ba5 84. Rb3 Kh5 85.
Be3 Bc7 86. Rb7 Be5 87. Rg7 Ra3 88. Ke2 Rb3 89. Rg8 Rb4 90. Kf3 Ra4 91. Ke2 Rg4
92. Rxg4 Kxg4 93. Kf1 1/2-1/2

[Event "Salou"]
[Site "Salou ESP"]
[Date "2007.05.10"]
[Round "8"]
[White "Spraggett, Kevin"]
[Black "Mirzoev, Azer"]
[Result "1/2-1/2"]
[WhiteElo "2611"]
[BlackElo "2535"]
[PlyCount "167"]
[EventDate "2007.05.03"]
[EventType "swiss"]
[EventRounds "9"]
[EventCountry "ESP"]

1. e4 e6 2. d4 d5 3. Nc3 Nf6 4. e5 Nfd7 5. f4 c5 6. Nf3 a6 7. Be3 Qb6 8. a3 Nc6
9. dxc5 Bxc5 10. Na4 Qa5+ 11. b4 Qxa4 12. bxc5 Qa5+ 13. Qd2 Qxd2+ 14. Kxd2 f6
15. exf6 Nxf6 16. Bd3 O-O 17. Rab1 Rb8 18. Rhe1 Bd7 19. Bg1 Na5 20. Ne5 Rbc8
21. g3 Rc7 22. Bd4 Bc8 23. Bc3 Nc6 24. Nxc6 Rxc6 25. Rb6 Rxb6 26. cxb6 Bd7 27.
Bd4 Kf7 28. c4 dxc4 29. Bxc4 Rc8 30. Bb3 g6 31. a4 Nd5 32. Rc1 Rxc1 33. Kxc1
Bc6 34. Kd2 Ne7 35. Bc2 Bd5 36. g4 Bf3 37. Bc5 Nd5 38. g5 Bg2 39. Be3 Bf1 40.
a5 Bg2 41. h4 Nb4 42. Bb1 Nc6 43. Kc3 Nxa5 44. h5 Nc6 45. h6 Ne7 46. Ba2 Bd5
47. Bb1 Bc6 48. Ba2 Nf5 49. Bc5 Ng3 50. Kd4 Ne4 51. Bb4 Nf2 52. Bc4 Bb5 53. Bb3
Nd3 54. Bd2 Nb2 55. Be3 Ba4 56. Ba2 Bb5 57. f5 gxf5 58. Bxe6+ Kg6 59. Bd5 Na4
60. Ke5 Nxb6 61. Bxb6 Kxg5 62. Be3+ Kg6 63. Bxb7 a5 64. Bc8 Bd3 65. Bd7 Kf7 66.
Be6+ Kg6 67. Bb3 Be4 68. Ba4 Kf7 69. Bd2 Bd3 70. Bxa5 f4 71. Kxf4 Bc4 72. Kg5
Kg8 73. Kf6 Ba2 74. Bc3 Bc4 75. Ke7 Ba2 76. Bd7 Bb3 77. Bb4 Ba2 78. Be6+ Bxe6
79. Kxe6 Kh8 80. Kf6 Kg8 81. Bc3 Kf8 82. Ke6 Kg8 83. Bh8 Kxh8 84. Kf7 1/2-1/2